000 00403cam a2200157ua 4500
041 _aeng
_h
082 _a370.15
_bSOR/PS
100 _aSarenson, Herbert .
245 _aPsychology in education /
_cHerbert Sarenson.
_hTextual Documents
260 _aNew York :
_bMcGraw Hill Book Company ,
_c1954.
300 _a577 ; .
500 _a**Reference
504 _a
942 _cBK
999 _c7928
_d7928